| 000 | 00471nam a2200181 a 4500 | ||
|---|---|---|---|
| 001 | 980 | ||
| 003 | CO-ViMGA | ||
| 008 | 141112s2004 ck r 000 u spa d | ||
| 040 |
_aCO-ViMGA _bspa _cCO-ViMGA |
||
| 082 | 0 | 4 | _a261.5 R877 |
| 100 | 1 |
_aRussell, Bertrand _948977 |
|
| 245 | 1 | 0 | _aReligión y ciencia |
| 260 |
_aMexico : _bFondo de Cultura Económica, _c1994 |
||
| 300 | _a172 p | ||
| 490 | _aBreviarios, 55 | ||
| 650 | 1 | 4 |
_aRELIGION Y CIENCIA _948978 |
| 942 |
_2ddc _cBK |
||
| 999 |
_c13204 _d13204 |
||